Catálogo

NUEVA DIALECTICA HISTORICA EN AMERICA LATINA : (Registro nro. 58802)

Detalles MARC
000 -LEADER
fixed length control field 00644nam a2200193 a 4500
001 - CONTROL NUMBER
control field 58802
005 - DATE AND TIME OF LATEST TRANSACTION
control field 20180714055534.0
008 - FIXED-LENGTH DATA ELEMENTS--GENERAL INFORMATION
fixed length control field 140415s2012 mx 000 0 spa d
020 ## - INTERNATIONAL STANDARD BOOK NUMBER
International Standard Book Number 9786077592808
041 ## - LANGUAGE CODE
Language code of text/sound track or separate title spa
082 ## - DEWEY DECIMAL CLASSIFICATION NUMBER
Classification number 262.91
Item number MET
100 1# - MAIN ENTRY--PERSONAL NAME
Personal name METHOL FERRE, ALBERTO
245 10 - TITLE STATEMENT
Title NUEVA DIALECTICA HISTORICA EN AMERICA LATINA :
Remainder of title NAFTA Y MERCOSUR
250 ## - EDITION STATEMENT
Edition statement 2a ed.
260 ## - PUBLICATION, DISTRIBUTION, ETC.
Place of publication, distribution, etc. MEXICO :
Name of publisher, distributor, etc. IMDOSOC,
Date of publication, distribution, etc. 2012
300 ## - PHYSICAL DESCRIPTION
Extent 37
Dimensions x 21.5
490 ## - SERIES STATEMENT
Series statement COL. ARCHIVO MOTOLINIA
650 14 - SUBJECT ADDED ENTRY--TOPICAL TERM
Topical term or geographic name entry element LIBERTAD RELIGIOSA
General subdivision RELIGION Y SOCIOLOGIA
-- RELIGION
-- HISTORIA
-- MEXICO
-- IGLESIA Y PROBLEMAS SOCIALES MEXICO HISTORIA SIGLO XX
Existencias
Withdrawn status Lost status Source of classification or shelving scheme Damaged status Not for loan Collection code Home library Current library Shelving location Date acquired Source of acquisition Inventory number Total Checkouts Full call number Barcode Date last seen Price effective from Koha item type
    Dewey Decimal Classification   Consulta en sala Archivo Motolinia Biblioteca Karol Wojtyla Biblioteca Karol Wojtyla Sala "Colecciones Especiales" 03/12/2013 Compra 151000000000000000082433   262.91 MET 88971 05/01/2026 03/12/2013 Libro